000 00514nam a2200181Ii 4500
003 JO-AjNU
008 230606s9999||||xx |||||||||||||| ||und||
020 _a978-18-67324-90-4
040 _aJO-AjNU
_beng
_erda
_cJO-AjNU
041 _aeng
050 1 4 _aQA76.6.2020
245 0 0 _aMaintenance of Software: Complete self-Assesssment Guide
300 _a306p
336 _atext
_btxt
_2rdacontent
337 _aunmediated
_bn
_2rdamedia
338 _avolume
_bnc
_2rdacarrier
650 4 _aMaintenance-Software
_96469
999 _aE3356
_c3352
_d3352